01303 2200565 4500001002100000008004100021035002000062245003300082100001300115250000600128260003000134300002600164020002200190084001400212082000800226650000800234990001500242990001500257990001500272990001500287990001500302990001500317990001500332990001500347990001500362990001500377990001500392990001500407990001500422990001500437990001500452990001500467990001500482990001500497990001500512990001500527990001500542990001500557990001500572990001500587990001500602990001500617990001500632990001500647990001500662990001500677990001500692990001500707990001500722INLIS000000000003480 ind  a0010-0526000103 aX-Press TKA FisikacSiswanto aSiswanto a1 aJakarta :bErlanggac2025 a132 hlmc21 x 25.5 cm a978-623-522-769-6 a530 SIS x a530 aTKA a20329/B/26 a20330/B/26 a20331/B/26 a20332/B/26 a20333/B/26 a20334/B/26 a20335/B/26 a20336/B/26 a20337/B/26 a20338/B/26 a20339/B/26 a20340/B/26 a20341/B/26 a20342/B/26 a20343/B/26 a20344/B/26 a20345/B/26 a20346/B/26 a20347/B/26 a20348/B/26 a20349/B/26 a20350/B/26 a20351/B/26 a20352/B/26 a20353/B/26 a20354/B/26 a20355/B/26 a20356/B/26 a20357/B/26 a20358/B/26 a20359/B/26 a20360/B/26 a20361/B/26